000 00378pab a2200157 454500
008 180718b2012 xxu||||| |||| 00| 0 eng d
100 _aCharmes, Jacques
245 _aThe informal economy worldwide: Trends and characteristics
260 _c2012
300 _ap.103-132.
362 _aMay
650 _aInformal sector
773 _aMargin
908 _aN
909 _a96784
999 _c96784
_d96784